| 000 | 00000nas 2200000za 4500 |
| 001 | 9.506267 |
| 003 | CaOODSP |
| 005 | 20221107133617 |
| 007 | cr ||||||||||| |
| 008 | 150406d20062018onc x p os f0 a0eng|d |
| 022 | |a1719-4407 |
| 040 | |aCaOODSP|beng |
| 043 | |an-cn--- |
| 086 | 1 |aCS89-503E-PDF |
| 130 | 0 |aWomen in Canada, a gender-based statistical report (Online) |
| 222 | 0|aWomen in Canada, a gender-based statistical report |b(Online) |
| 245 | 10|aWomen in Canada, a gender-based statistical report |h[electronic resource]. |
| 260 | |aOttawa : |bStatistics Canada. |c[2006]-2018. |
| 310 | |aIrregular |
| 500 | |aIssued also in French under title: Femmes au Canada, rapport statistique fondé sur le sexe. |
| 520 | 3 |aAnalyzes the situation of Canadian women by exploring their demographic and cultural characteristics, living arrangements, income, labour force activity, health and criminal and victimization characteristics. |
| 710 | 1 |aCanada.|bStatistics Canada. |bSocial and Aboriginal Statistics Division. |
| 775 | 08|tFemmes au Canada, rapport statistique fondé sur le sexe |w(CaOODSP)9.502662 |
| 776 | 0#|tWomen in Canada ..., a gender-based statistical report |w(CaOODSP)9.515802 |